000 01063nam a22002657a 4500
001 BD-DhSAU 8873
003 BD-DhSAU
005 20181220112637.0
008 150420b2011 bg ||||| m||| 00| 0 eng d
040 _aBD-DhSAU
082 _222
_a635
_bSa738
100 _eRegistration # 00391/25286
_aSarker, Md. Akhlas Hosain
245 _aInfluence of corm size and GA3 on growth and yield gladiolus in summer /
_bMS thesis
_cMd. Akhlas Hosain Sarkar
260 _aSher-e-Bangla Agricultural University :
_bDepartment of Horticulture,
_c2011.
300 _avii, 63 p. :
_c30 cm.
_bill. ;
500 _aMS thesis of Department of Horticulture, Faculty of Agriculture, Sher-e-Bangla Agricultural University, Dhaka
504 _aIncludes bibliographical reference.
590 _aJerin
650 _aHorticulture
650 _a gladiolus
700 _aHossain, Md. Ismail
_eSuperviser
700 _a Uddin, Abul Faiz Md. Jamal
_eCo-superviser
856 _uhttp://archive.saulibrary.edu.bd:8080/xmlui/handle/123456789/512
942 _2ddc
_cTHESIS
999 _c8873
_d8873